| 000 | 00799nam a2200193Ia 4500 | ||
|---|---|---|---|
| 001 | 14145 | ||
| 003 | GE_BSU | ||
| 008 | 181216s||||||||xx |||||||||||||| ||und|| | ||
| 040 | _cGE_BSU | ||
| 245 | _aსაპატრიარქოს უწყებანი.№6(751) 12-18 თებერვალი 2015. | ||
| 245 | _bპატრიარქის ქადაგება, ქრონიკა, ინფორმაცია და სხვა. | ||
| 245 | _cრედ:დეკანოზი დავით შარაშენიძე და სხვა. | ||
| 260 | _aთბილისი | ||
| 260 | _c2015 | ||
| 300 | _a20გვ.30სმ. | ||
| 653 | _aპერიოდიკა | ||
| 653 | _aსაპატრიარქოს უწყებანი. | ||
| 942 | _cCR | ||
| 999 |
_c47285 _d47285 |
||